| 000 | 01109 a2200289 4500 | ||
|---|---|---|---|
| 001 | 29430 | ||
| 005 | 20260407155603.0 | ||
| 008 | 260407a2003 arg spa d | ||
| 003 | AR-UNSa-BCEJYS | ||
| 040 |
_aAR-UNSa-BCEJYS _bspa _cAR-UNSa-BCEJYS |
||
| 080 |
_a004.67*E:658 _xExcel para Administración de Empresas |
||
| 245 | 1 | 0 |
_aAdministración de la empresa con Microsoft Excel _pherramientas informáticas para la pequeña y mediana empresa |
| 020 | _a987-1046-23-5 | ||
| 264 | 1 |
_aBuenos Aires : _bOmicron System _c2003 |
|
| 300 |
_a249 p, _c23 cm. |
||
| 505 | _a1. Compras y pago - 2. Ventas y cobranzas - 3. Recepción y tesorería - 4. Mercaderías y productos - 5. Dirección | ||
| 041 | _aspa | ||
| 942 | _cBK | ||
| 590 | _aniveau_biblio:m niveau_hierar:0 | ||
| 100 | 1 | _aCarratalá, Juan Martín | |
| 700 | 1 | _aAlbano, Horacio O. | |
| 700 | 1 | _aGarcía Fronti, Matías S | |
| 700 | 1 | _aPazos, Alejandro A. | |
| 650 | _aEXCEL | ||
| 856 | 4 | 1 |
_uhttps://biblioeco.unsa.edu.ar/pmb/images/libros/Administraci?n de la Empresa con Excel-l86923.jpg _yImagen de portada _qimage/jpeg |
| 650 | _a excel | ||
| 999 |
_c1859 _d1859 |
||